Projekt ve veřejném prostoru : jak zajistit jeho kvalitní přípravu, realizaci i udržitelnost? /

Hlavní autor: Kupilíková, Karla, 1981-
Další autoři: Matoušek, Petr, 1970-, Sivák, Marek, 1983-
Jazyk: Čeština
Vydáno: [Plzeň] : Pěstuj prostor, z.s., 2020
Témata:
Fyzický popis: 6 nečíslovaných stran ; 24 cm
Knihy
Uloženo v:
LEADER 01661nam a2200445 i 4500
001 nkc20213312857
003 CZ PrNK
005 20260317005214.0
007 ta
008 210318s2020 xr e f 000 0 cze
015 |a cnb003312857 
020 |a 978-80-907808-6-6  |q (brožováno) 
035 |a (OCoLC)1263264633 
040 |a BOA001  |b cze  |d ABA001  |e rda 
072 7 |a 005  |x Management. Řízení  |2 Konspekt  |9 4 
080 |a 005.591  |2 MRF 
080 |a 316.334.56  |2 MRF 
080 |a (035)  |2 MRF 
100 1 |a Kupilíková, Karla,  |d 1981-  |7 pna20211114917  |4 aut 
245 1 0 |a Projekt ve veřejném prostoru :  |b jak zajistit jeho kvalitní přípravu, realizaci i udržitelnost? /  |c autoři: Karla Kupilíková, Petr Matoušek, Marek Sivák 
264 1 |a [Plzeň] :  |b Pěstuj prostor, z.s.,  |c 2020 
300 |a 6 nečíslovaných stran ;  |c 24 cm 
336 |a text  |b txt  |2 rdacontent 
337 |a bez média  |b n  |2 rdamedia 
338 |a svazek  |b nc  |2 rdacarrier 
500 |a Název z obálky 
500 |a Vydáno v rámci mezioborové Platformy pro veřejný prostor 
650 0 7 |a programy a projekty  |7 ph255086  |2 czenas 
650 0 7 |a veřejný prostor  |7 ph883825  |2 czenas 
650 0 9 |a programs and projects  |2 eczenas 
650 0 9 |a public space  |2 eczenas 
655 7 |a příručky  |7 fd133209  |2 czenas 
655 9 |a handbooks and manuals  |2 eczenas 
700 1 |a Matoušek, Petr,  |d 1970-  |7 js20070713007  |4 aut 
700 1 |a Sivák, Marek,  |d 1983-  |7 jo2004232715  |4 aut 
910 2 |a BOA001  |b 2-1468.450 
990 |a BK 
995 |a 01 
991 |b 202106  |c NOV 
996 6 |b 2610868288  |c 2-1468.450  |l MZK  |r Sklad / do 1 hodiny  |n 1  |p p.v.  |w 001853949  |u 000010  |a 1  |e BOA001  |j MZK50  |s P